00970nam a22002291 450000100060000000300080000600500170001400800410003103500190007204000270009104100080011808200210012611000340014724501090018126000210029030000360031150002210034750400310056865000280059965000330062774000800066020650BD-RjUL20211209000607.0140301s1964 ilua b 100 0 eng  a(BD-RjUL)20712 aDLCcDLCdBD-RjULbeng aeng00a027.62bSTU 19642 aAmerican Library Association.10aStudent use of libraries:ban inquiry into the needs of students, libraries and the educational process. a[Chicago]c1964. axii, 212 p. :billus. ;c24 cm. aPapers of the conference within a conference, July 16-18, 1963, Chicago, Illinois, a feature of the 1963 American Library Association Conference, with commentaries and summary of the discussion group recommendations. aBibliographical footnotes. 0aLibraries and students. 0aLibrary sciencexCongresses.0 aInquiry into the needs of students, libraries, and the educational process.